| Tag |
First Indicator |
Second Indicator |
Subfields |
| LEADER |
00000cam a2200000 a 4500 |
| 001 |
in00001402463 |
| 005 |
20151020055401.0 |
| 008 |
970711s1997 enk b 001 0 eng d |
| 010 |
|
|
|a 97202105
|
| 020 |
|
|
|a 0415030846
|
| 035 |
|
|
|a (OCoLC)37280659
|
| 035 |
|
|
|9 AHN4336AM
|
| 040 |
|
|
|a OAU
|c DLC
|d TXA
|d UtOrBLW
|
| 042 |
|
|
|a lccopycat
|
| 049 |
|
|
|a TXAM
|
| 050 |
0 |
0 |
|a D13
|b .C626 1997
|
| 082 |
0 |
0 |
|a 907.2
|2 21
|
| 245 |
0 |
0 |
|a Companion to historiography /
|c edited by Michael Bentley.
|
| 264 |
|
1 |
|a London ;
|a New York :
|b Routledge,
|c 1997.
|
| 300 |
|
|
|a xvii, 997 pages ;
|c 24 cm.
|
| 336 |
|
|
|a text
|b txt
|2 rdacontent
|
| 337 |
|
|
|a unmediated
|b n
|2 rdamedia
|
| 338 |
|
|
|a volume
|b nc
|2 rdacarrier
|
| 504 |
|
|
|a Includes bibliographical references and index.
|
| 650 |
|
0 |
|a Historiography.
|
| 700 |
1 |
|
|a Bentley, Michael,
|d 1948-
|
| 948 |
|
|
|a c:blr
|
| 999 |
|
|
|a MARS
|
| 999 |
f |
f |
|s 9bef4052-5e78-38a1-b1ec-eb2c93b184b9
|i f0747357-88f4-343b-9652-14a6f705e680
|t 0
|
| 952 |
f |
f |
|p normal
|a Texas A&M University
|b College Station
|c Sterling C. Evans Library
|d Evans: Library Stacks
|t 0
|e D13 .C626 1997
|h Library of Congress classification
|i unmediated -- volume
|m A14822398125
|
| 998 |
f |
f |
|a D13 .C626 1997
|t 0
|l Evans: Library Stacks
|